| 000 | 00368nam a22001577a 4500 | ||
|---|---|---|---|
| 003 | CEME | ||
| 005 | 20210628202635.0 | ||
| 008 | 210120b xxu||||| |||| 00| 0 eng d | ||
| 040 | _cceme | ||
| 082 | _a355-AA JAN | ||
| 100 |
_aChristophyer S Foss _960848 |
||
| 245 | _aJanes's armour of artillary | ||
| 260 |
_aPDF _bJANES _c2006 |
||
| 300 | _aPDF | ||
| 942 |
_cBK _2ddc |
||
| 999 |
_c570471 _d570471 |
||